<?xml version="1.0" encoding="UTF-8"?>
<record
    xmlns:xsi="http://www.w3.org/2001/XMLSchema-instance"
    xsi:schemaLocation="http://www.loc.gov/MARC21/slim http://www.loc.gov/standards/marcxml/schema/MARC21slim.xsd"
    xmlns="http://www.loc.gov/MARC21/slim">

  <leader>01573nab a22002657a 4500</leader>
  <datafield tag="999" ind1=" " ind2=" ">
    <subfield code="c">5693</subfield>
    <subfield code="d">5693</subfield>
  </datafield>
  <controlfield tag="003">OSt</controlfield>
  <controlfield tag="005">20251227005252.0</controlfield>
  <controlfield tag="008">190603e        xxum|||| |||| 00| 0 spa d</controlfield>
  <datafield tag="040" ind1=" " ind2=" ">
    <subfield code="c">PJ</subfield>
  </datafield>
  <datafield tag="100" ind1=" " ind2=" ">
    <subfield code="a">Uzal, Mar&#xED;a Elsa </subfield>
    <subfield code="9">326</subfield>
  </datafield>
  <datafield tag="245" ind1="1" ind2="3">
    <subfield code="a">Los m&#xE9;todos para la determinaci&#xF3;n del derecho aplicable en el DIPr dentro del C&#xF3;digo Civil y Comercial de la Naci&#xF3;n /</subfield>
    <subfield code="c">Mar&#xED;a Elsa Uzal.</subfield>
  </datafield>
  <datafield tag="260" ind1=" " ind2=" ">
    <subfield code="c">Ciudad Aut&#xF3;noma de Buenos Aires :</subfield>
    <subfield code="a">Thomson Reuters La Ley, </subfield>
    <subfield code="b">2025.</subfield>
  </datafield>
  <datafield tag="300" ind1=" " ind2=" ">
    <subfield code="a">p. 312-329</subfield>
  </datafield>
  <datafield tag="500" ind1=" " ind2=" ">
    <subfield code="a">Cita: TR LALEY AR/DOC/1765/2025 
Publicado en: RCCyC 2025 (agosto).</subfield>
  </datafield>
  <datafield tag="505" ind1=" " ind2=" ">
    <subfield code="a">Sumario: I. A modo de introducci&#xF3;n: panorama metodol&#xF3;gico del DIPr. frente al C&#xF3;d. Civ. y Com.&#x2014; II. Los m&#xE9;todos para el logro de la coherencia sist&#xE9;mica en el C&#xF3;d. Civ. y Com.&#x2014; III. El Cap&#xED;tulo 1 sobre "Disposiciones generales": gran articulador del m&#xE9;todo en las cuestiones del DIPr. en el C&#xF3;d. Civ. y Com.&#x2014; IV. La cl&#xE1;usula de excepci&#xF3;n.&#x2014; V. Los l&#xED;mites que son excepci&#xF3;n al normal funcionamiento del sistema metodol&#xF3;gico. </subfield>
  </datafield>
  <datafield tag="505" ind1=" " ind2=" ">
    <subfield code="t">&#xBF;Te interesa el texto completo? Solicitalo al correo: koha@justierradelfuego.gov.ar</subfield>
  </datafield>
  <datafield tag="650" ind1=" " ind2="0">
    <subfield code="9">1497</subfield>
    <subfield code="a">CODIGO CIVIL Y COMERCIAL</subfield>
  </datafield>
  <datafield tag="650" ind1=" " ind2="0">
    <subfield code="9">327</subfield>
    <subfield code="a">DERECHO INTERNACIONAL PRIVADO</subfield>
  </datafield>
  <datafield tag="650" ind1=" " ind2="0">
    <subfield code="9">3474</subfield>
    <subfield code="a">AUTONOM&#xCD;A DE LA VOLUNTAD</subfield>
  </datafield>
  <datafield tag="650" ind1=" " ind2="0">
    <subfield code="9">720</subfield>
    <subfield code="a">JURISDICCION INTERNACIONAL</subfield>
  </datafield>
  <datafield tag="650" ind1=" " ind2="0">
    <subfield code="a">COOPERACI&#xD3;N INTERNACIONAL</subfield>
  </datafield>
  <datafield tag="650" ind1=" " ind2="0">
    <subfield code="9">716</subfield>
    <subfield code="a">ORDEN PUBLICO</subfield>
  </datafield>
  <datafield tag="773" ind1="0" ind2=" ">
    <subfield code="0">2713</subfield>
    <subfield code="9">3170</subfield>
    <subfield code="d">Ciudad Aut&#xF3;noma de Buenos Aires : Thomson Reuters La Ley, 2015-</subfield>
    <subfield code="t">Revista C&#xF3;digo Civil y Comercial. N&#xBA; 4 - Agosto 2025</subfield>
  </datafield>
  <datafield tag="942" ind1=" " ind2=" ">
    <subfield code="2">udc</subfield>
    <subfield code="c">ANA</subfield>
  </datafield>
</record>
